000
00209as aa2200097a 44500
090
_a
SERIADAS
_b
00578
245
1
0
_a
Cultura Survival Quarterly
041
0
_a
Inglés
260
_a
Estados Unidos
942
_c
REVISTA
999
_c
16845
_d
16845